| 000 | 00937cab a2200277 4500 | ||
|---|---|---|---|
| 001 | ABS55931 | ||
| 008 | 090401t1996 xxu||||| |||| 00| 0 eng d | ||
| 035 | _a(Sirsi) u19899 | ||
| 041 | _aeng | ||
| 100 | _aMaddock, D. | ||
| 245 | _aPanel system buildings | ||
| 260 | _c1996 | ||
| 350 | _a0 | ||
| 490 |
_aConstruction Repair _vSeptember/October 1996, 39-41(3) |
||
| 520 | _aAssesses the structural defects prevalent in system building, particularly large panel structures (LPS). Suggests requirements to ensure effective monitoring, investigation and repair. | ||
| 650 | _aCONCRETE BUILDINGS | ||
| 650 | _aLARGE PANEL STRUCTURES | ||
| 650 | _aLARGE PANEL SYSTEMS | ||
| 650 | _aBUILT ENVIRONMENT-BUILDING MAINTENANCE AND REFURBISHMENT | ||
| 650 | _aREPAIR METHODS | ||
| 650 | _aSTRUCTURAL DEFECTS | ||
| 650 | _aSYSTEM BUILDING | ||
| 690 | _aBUILT ENVIRONMENT-CONSTRUCTION DESIGN | ||
| 942 | _n0 | ||
| 948 | _c04/03/1997 | ||
| 999 |
_c13335 _d13335 |
||